Score 0/78 Timer 08:00
1 Play Today
Country % Correct
United States
99.7%
United Kingdom
98.5%
Germany
97%
France
96.7%
China
96.3%
Russia
96.2%
Canada
94.8%
Japan
94.3%
Sweden
94.1%
Mexico
94%
Brazil
93.2%
Spain
93.1%
Italy
93.1%
Norway
91.4%
Australia
91.4%
India
91.3%
South Africa
90.7%
Argentina
89.1%
Finland
88.6%
Egypt
87.1%
Portugal
86.4%
Poland
85.6%
Switzerland
85%
Denmark
83.9%
Austria
83.6%
New Zealand
82.8%
Greece
82.2%
Chile
81.6%
Iran
79.9%
Netherlands
79.6%
Ireland
79.5%
South Korea
79.4%
Turkey
78.5%
Israel
77.7%
Belgium
77.6%
Pakistan
75.3%
Czechia
74.4%
Peru
73.3%
Ukraine
72.9%
Country % Correct
Hungary
71.6%
Colombia
69.1%
Iraq
68.8%
Iceland
68%
Vietnam
67.2%
Romania
66.3%
Venezuela
63.3%
Latvia
62.8%
Morocco
61.7%
Lithuania
61.2%
Slovenia
60.6%
Croatia
58.6%
Nigeria
58.5%
Luxembourg
58.4%
Bulgaria
57.5%
Kenya
56.9%
Belarus
56.3%
Algeria
53.9%
Ethiopia
52.7%
Taiwan
48.8%
Bangladesh
45.7%
Bosnia and Herzegovina
45.2%
Myanmar
44.1%
Tunisia
43.9%
Democratic Republic of Congo
42.2%
North Macedonia
39.7%
Ghana
39.2%
Guatemala
39%
Cyprus
39%
Costa Rica
38.8%
Yemen
38.1%
Palestine
36.6%
Madagascar
28.9%
Azerbaijan
27.2%
Liberia
26.3%
Eritrea
16%
Trinidad and Tobago
15.1%
Timor-Leste
12.1%
Saint Lucia
9.8%

You're not logged in!

Compare scores with friends on all Sporcle quizzes.
OR
Log In

Sporcle TV

Today on Sporcle TV


Watch our educational content, quiz creation guides, and fun videos on Sporcle TV.

Show Comments

Extras

Top Quizzes Today


Score Distribution

Paid Content

Your Account Isn't Verified!

In order to create a playlist on Sporcle, you need to verify the email address you used during registration. Go to your Sporcle Settings to finish the process.

Report this User

Report this user for behavior that violates our Community Guidelines.

Details: